Biblioteca

The Acts of the Apostles (Registro nro. 64416)

Detalles MARC
000 -LÍDER
Campo fijo de descripción fija 00997nam a22003254i 4500
001 - NÚMERO DE CONTROL
Campo de control 4530089
003 - IDENTIFICADOR DEL NÚMERO DE CONTROL
Campo de control CO-MdFUSB
005 - FECHA Y HORA DE LA ULTIMA TRANSACCIÓN
control field 20180822063045.0
008 - ELEMENTOS DE LONGITUD FIJA -- INFORMACIÓN GENERAL
Campo fijo de descripción fija -- Información general 790405s1959 miu b 000 0 eng
010 ## - NÚMERO DE CONTROL DE LA BIBLIOTECA DEL CONGRESO
Número de control LC 59008752
020 ## - NÚMERO INTERNACIONAL NORMALIZADO PARA LIBROS
Número Internacional Normalizado del libro 085111606X
040 ## - FUENTE DE CATALOGACIÓN
Agencia de catalogación original DLC
Agencia que realiza la modificación DLC
Idioma de catalogación spa
Agencia que realiza la transcripción CO-MdFUSB
Convenciones de la descripción rda
041 ## - CÓDIGO DE IDIOMA
Código de idioma para texto/pista de sonido o título separado eng
082 00 - NÚMERO DE CLASIFICACIÓN DECIMAL DEWEY
Número de clasificación 226.607
Número de la edición del Dewey 23
Clave de autor-Numero de item B634
100 1# - ASIENTO PRINCIPAL--NOMBRE PERSONAL
Nombre personal Blaiklock, E. M.
Término relacionador autor
245 14 - TÍTULO
Título del Material The Acts of the Apostles
Parte restante del título - Subtitulo : an historical commentary.
Mención de responsabilidad, etc. / E. M. Blaiklock
250 ## - MENCIÓN DE EDICIÓN
Mención de edición [1st ed.]
264 #1 - PRODUCCIÓN, PUBLICACIÓN, DISTRIBUCIÓN, MANUFACTURA, Y COPYRIGHT
Lugar de producción, publicación, distribución, manufactura Leicester, Inglaterra :
Nombre del productor, publicador, distribuidor Inter-Varsiry Press,
Fecha de producción, publicación, distribución, manufactura, o copyright ℗[1959]
264 #4 - PRODUCCIÓN, PUBLICACIÓN, DISTRIBUCIÓN, MANUFACTURA, Y COPYRIGHT
Fecha de producción, publicación, distribución, manufactura, o copyright ©1959
300 ## - DESCRIPCIÓN FÍSICA
Extensión 197 páginas ;
Dimensiones 21 cm.
336 ## - TIPO DE CONTENIDO
Fuente rdacontent
Término de tipo de contenido texto
Código de tipo de contenido txt
337 ## - TIPO DE MEDIO
Fuente rdamedia
Nombre del tipo de medio sin mediación
Código del tipo de medio n
338 ## - TIPO DE SOPORTE
Fuente rdacarrier
Nombre del tipo de soporte volumen
Código Tipo de soporte nc
490 1# - MENCIÓN DE SERIE
Mención de serie The Tyndale New Testament commentaries
630 07 - TITULO UNIFORME
Título uniforme Biblia.
Nombre de parte o sección de la obra Hechos
830 ## - PUNTO DE ACCESO ADICIONAL DE SERIE - TÍTULO UNIFORME
Título uniforme The Tyndale New Testament commentaries
906 ## - LOCAL DATA ELEMENT F, LDF (RLIN)
a 7
b cbc
c orignew
d u
e ocip
f 19
g y-gencatlg
942 ## - TIPO DE MATERIAL (KOHA)
Tipo de Item KOHA Libros General
Existencias
Estado de Material Estado de Perdido Forma de Clasificación Estado de Dañado No para Préstamo Colección Biblioteca de Origen Biblioteca Permanente Fecha de Adquisición Total de Préstamos Signatura Topográfica Código de Barras Última vez visto Ejemplar/Existencia Fecha de Remplazo Tipo de Material
    Dewey Decimal Classification     Colección General Biblioteca FUSBC Biblioteca FUSBC 22/08/2018   G 226.607 B634a 8148 12/12/2019 Ej. 1 22/08/2018 Libros General

Biblioteca FUSBC | Teléfono: (57+4) 349 88 10 Ext. 141| WhatsApp (+57) 3005338115 
E-mail: biblioteca@unisbc.edu.co | Calle 76 87-14 Robledo Palenque, Medellín, Colombia

Con tecnología Koha